000 00206nam a2200097Ia 4500
008 240625s9999 xx 000 0 und d
041 _aeng
100 _aDIGIT
245 _aDIGIT DVD GRANULAR
260 _c1909
999 _c34418
_d34418